Giáo trình kỹ thuật thông tin quang (Dùng trong các trường THCN)
Nội dung của giáo trình bao gồm 5 chương: tổng quan về thông tin quang; nguyên lý biến đổi điện - quang, quang - điện; nguyên lý truyền ánh sáng trong cáp sợi quang; ghép kênh theo bước sóng; các phương pháp lắp đặt, hàn nối và đo kiểm cáp sợi...
Guardado en:
| Autor principal: | |
|---|---|
| Formato: | Libro |
| Lenguaje: | Undetermined |
| Publicado: |
Hà Nội
Nhà xuất bản Hà Nội
2006
|
| Materias: | |
| Etiquetas: |
Agregar Etiqueta
Sin Etiquetas, Sea el primero en etiquetar este registro!
|
| Thư viện lưu trữ: | Trung tâm Học liệu Trường Đại học Cần Thơ |
|---|
| LEADER | 01048nam a2200217Ia 4500 | ||
|---|---|---|---|
| 001 | CTU_142737 | ||
| 008 | 210402s9999 xx 000 0 und d | ||
| 020 | |c 29000 | ||
| 082 | |a 621.38275 | ||
| 082 | |b Ng528 | ||
| 100 | |a Phạm, Thị Minh Nguyệt | ||
| 245 | 0 | |a Giáo trình kỹ thuật thông tin quang | |
| 245 | 0 | |b (Dùng trong các trường THCN) | |
| 245 | 0 | |c Phạm Thị Minh Nguyệt | |
| 260 | |a Hà Nội | ||
| 260 | |b Nhà xuất bản Hà Nội | ||
| 260 | |c 2006 | ||
| 520 | |a Nội dung của giáo trình bao gồm 5 chương: tổng quan về thông tin quang; nguyên lý biến đổi điện - quang, quang - điện; nguyên lý truyền ánh sáng trong cáp sợi quang; ghép kênh theo bước sóng; các phương pháp lắp đặt, hàn nối và đo kiểm cáp sợi quang. | ||
| 650 | |a Optical communications,Truyền thông quang học | ||
| 904 | |i Duy Bằng | ||
| 980 | |a Trung tâm Học liệu Trường Đại học Cần Thơ | ||